| 000 | 01394cam a2200337 a 4500 | ||
|---|---|---|---|
| 001 | 15867027 | ||
| 005 | 20100708141025.0 | ||
| 008 | 090813s2009 enk b 001 0 eng d | ||
| 010 | _a 2009281020 | ||
| 015 |
_aGBA904464 _2bnb |
||
| 016 | 7 |
_a014877782 _2Uk |
|
| 020 | _a9780826498243 (hbk.) | ||
| 020 | _a0826498248 (hbk.) | ||
| 020 | _a9780826498250 (pbk.) | ||
| 020 | _a0826498256 (pbk.) | ||
| 035 | _a(OCoLC)ocn277203918 | ||
| 040 |
_aUKM _cUKM _dBTCTA _dYDXCP _dBWK _dBWKUK _dBWX _dDLC |
||
| 042 | _alccopycat | ||
| 050 | 0 | 0 |
_aP306.2 _b.P35 2009 |
| 100 | 1 | _aPalumbo, Giuseppe. | |
| 245 | 1 | 0 |
_aKey terms in translation studies / _cGiuseppe Palumbo. |
| 260 |
_aLondon ; _aNew York : _bContinuum, _cc2009. |
||
| 300 |
_a212 p. ; _c23 cm. |
||
| 504 | _aIncludes bibliographical references (p. [191]-206) and index. | ||
| 650 | 0 |
_aTranslating and interpreting _vTerminology. |
|
| 906 |
_a7 _bcbc _ccopycat _d2 _encip _f20 _gy-gencatlg |
||
| 942 |
_2lcc _cBK |
||
| 999 |
_c39476 _d39476 |
||